[Event "60th ch-RUS Superfinal"]
[Site "Moscow RUS"]
[Date "2007.12.27"]
[Round "8"]
[White "Dreev,A"]
[Black "Tomashevsky,E"]
[Result "1/2-1/2"]
[WhiteElo "2607"]
[BlackElo "2646"]

1.d4 Nf6 2.c4 e6 3.Nc3 Bb4 4.Qc2 O-O 5.a3 Bxc3+ 6.Qxc3 d6 7.Bg5 Nbd7 8.e3 b6
9.Bd3 Bb7 10.f3 c5 11.Ne2 Rc8 12.O-O cxd4 13.Qxd4 Ne5 14.Rad1 Nxd3 15.Qxd3 d5
16.cxd5 Qxd5 17.Qxd5 Nxd5 18.e4 Nc7 19.Bf4 f6 20.Bxc7 Rxc7 21.Nd4 Re7 22.Rfe1 Rc8
23.Nb5 Ba6 24.Nc3 Kf7 25.Kf2 e5 26.Rd6 Bc4 27.Red1 Rec7 28.g4 Ke7 29.h4 Be6
30.Kg3 h6 31.R1d2 Rc5 32.R6d3 R8c7 33.Rd8 Rc8 34.R8d6 R8c6 35.R6d3 Rc7 36.Kf2 Rc8
37.Ke3 R8c7 38.Rd1 Rc8 39.Rg1 Rh8 40.Rd2 Rhc8 41.Rgd1 Rb8 42.Rd6  1/2-1/2

[Event "60th ch-RUS Superfinal"]
[Site "Moscow RUS"]
[Date "2007.12.29"]
[Round "10"]
[White "Dreev,A"]
[Black "Sakaev,K"]
[Result "0-1"]
[WhiteElo "2607"]
[BlackElo "2634"]

1.d4 Nf6 2.c4 e6 3.Nc3 Bb4 4.Qc2 d5 5.a3 Bxc3+ 6.Qxc3 c5 7.dxc5 d4 8.Qg3 Nc6
9.Nf3 e5 10.b4 O-O 11.Nxe5 Ne4 12.Nxc6 bxc6 13.Qd3 Bf5 14.Bb2 Qg5 15.h4 Qh6
16.Bxd4 Nxf2 17.Qxf5 Nxh1 18.Qg5 Qxg5 19.hxg5 Rfe8 20.e3 Ng3 21.Bd3 Ne4 22.b5 Nxg5
23.Kd2 Ne4+ 24.Bxe4 Rxe4 25.Kc3 f5 26.b6 a5 27.Rf1 g6 28.Kb3 h5 29.Rf4 Re7
30.e4 fxe4 31.Bf6 Re6 32.Kc2 e3 33.Kd1 e2+ 34.Ke1 a4 35.Bh4 Kg7 36.Rf2 Rae8
37.Bg3 Re3 38.Rf3 Rb3 39.Rxb3 axb3 40.Kd2 b2 41.Kc2 Re3 42.Be1 Rxa3 43.Kxb2 Rd3
44.Kc2 Rd1 45.b7 Rd8  0-1

[Event "Aeroflot Open"]
[Site "Moscow RUS"]
[Date "2008.02.14"]
[Round "1"]
[White "Zhigalko,A"]
[Black "Dreev,A"]
[Result "0-1"]
[WhiteElo "2556"]
[BlackElo "2633"]

1.e4 c5 2.Nf3 d6 3.d4 cxd4 4.Nxd4 Nf6 5.Nc3 Nc6 6.Bg5 e6 7.Qd2 a6 8.O-O-O Be7
9.h4 Qc7 10.Kb1 Nxd4 11.Qxd4 b5 12.f3 Bb7 13.g4 Rc8 14.Bd3 Qc5 15.Ne2 Qxd4
16.Nxd4 Nd7 17.Bc1 d5 18.exd5 Bxd5 19.Be2 O-O 20.h5 Rfd8 21.a4 bxa4 22.Bxa6 Ra8
23.Bb5 Ne5 24.Bf4 Nxf3 25.Nc6 Bd6 26.Bxd6 Rxd6 27.Ne7+ Kf8 28.Nxd5 exd5 29.c4 Rb8
30.Bxa4 Rdb6 31.Rxd5 Rxb2+ 32.Ka1 R2b4 33.Ra5 Rxc4 34.Rb1 Rxb1+ 35.Kxb1 Rxg4
36.Ra8+ Ke7 37.Ra7+ Kf6 38.Ra6+ Kg5 39.Ra5+  0-1

[Event "Aeroflot Open"]
[Site "Moscow RUS"]
[Date "2008.02.17"]
[Round "4"]
[White "Dreev,A"]
[Black "Zhou Jianchao"]
[Result "1-0"]
[WhiteElo "2633"]
[BlackElo "2551"]

1.d4 Nf6 2.c4 e6 3.Nc3 Bb4 4.Qc2 O-O 5.a3 Bxc3+ 6.Qxc3 b6 7.Bg5 Bb7 8.Nf3 d6
9.Nd2 Nbd7 10.f3 h6 11.Bh4 c5 12.e4 Rc8 13.Bd3 cxd4 14.Qxd4 Ne5 15.O-O Ba6
16.Rfd1 Nxd3 17.Qxd3 g5 18.Bg3 d5 19.exd5 Nxd5 20.Qb3 Nf4 21.Bxf4 gxf4 22.Ne4 Bxc4
23.Qc3 Bd5 24.Nf6+ Kh8 25.Qe5 Qc7 26.Qh5 Kg7 27.Ng4 Rh8 28.Rac1 Qxc1 29.Qe5+ Kh7
30.Rxc1 Rxc1+ 31.Kf2 Rc2+ 32.Ke1 Rc1+ 33.Kd2 Rhc8 34.Qxf4 f5 35.Qxh6+ Kg8
36.Qg6+ Kf8 37.Ne5 R1c7 38.Qf6+ Ke8 39.Ke3 Rd8 40.h4  1-0

[Event "Aeroflot Open"]
[Site "Moscow RUS"]
[Date "2008.02.21"]
[Round "8"]
[White "Dreev,A"]
[Black "Guseinov,G"]
[Result "1/2-1/2"]
[WhiteElo "2633"]
[BlackElo "2617"]

1.d4 Nf6 2.c4 g6 3.Nc3 Bg7 4.e4 d6 5.f3 O-O 6.Nge2 c5 7.Be3 Qa5 8.Nc1 cxd4
9.Nb3 Qd8 10.Nxd4 Nc6 11.Be2 Bd7 12.Rc1 Nxd4 13.Bxd4 a5 14.O-O Bc6 15.c5 dxc5
16.Bxc5 Nd7 17.Be3 a4 18.Qd2 Qa5 19.Rfd1 e6 20.Nb1 Qxd2 21.Rxd2 Rfd8 22.Na3 Nf8
23.Rcd1 Bf6 24.Kf2 Rxd2 25.Rxd2 g5 26.Nc4 Ng6 27.Rc2 g4 28.Rd2 gxf3 29.gxf3 Rd8
30.Rxd8+ Bxd8 31.Bb6 Bh4+ 32.Ke3 Bg5+ 33.Kf2 Bh4+ 34.Ke3  1/2-1/2

[Event "TCh-FRA Top 16 Gp A"]
[Site "Marseille FRA"]
[Date "2008.03.23"]
[Round "2"]
[White "Dreev,A"]
[Black "Delchev,A"]
[Result "1/2-1/2"]
[WhiteElo "2633"]
[BlackElo "2630"]

1.d4 Nf6 2.c4 e6 3.Nc3 Bb4 4.Qc2 d5 5.a3 Bxc3+ 6.Qxc3 dxc4 7.Qxc4 b6 8.Bf4 Ba6
9.Qa4+ Qd7 10.Qd1 O-O 11.Nf3 Nd5 12.Bg3 c5 13.dxc5 bxc5 14.e4 Bxf1 15.Rxf1 Nf6
16.Qxd7 Nbxd7 17.Nd2 Rfc8 18.O-O-O c4 19.Kc2 Nh5 20.Bd6 Rc6 21.Nf3 Nc5 22.Ne5 Rcc8
23.Bxc5 Rxc5 24.Nd7 Rc7 25.g3 Nf6 26.Nxf6+ gxf6 27.Rd6 Kf8 28.Rfd1 Ke7 29.Ra6 Rb8
30.Ra4 Rb3 31.Rxc4 Rxb2+  1/2-1/2

[Event "TCh-FRA Top 16 Gp A"]
[Site "Marseille FRA"]
[Date "2008.03.24"]
[Round "3"]
[White "Dreev,A"]
[Black "Miralles,G"]
[Result "1-0"]
[WhiteElo "2633"]
[BlackElo "2490"]

1.d4 d5 2.c4 e6 3.Nc3 Be7 4.cxd5 exd5 5.Bf4 c6 6.e3 Bf5 7.g4 Bg6 8.h4 h6
9.h5 Bh7 10.Bd3 Bxd3 11.Qxd3 Nf6 12.f3 Qb6 13.Nge2 Na6 14.O-O-O c5 15.Be5 cxd4
16.Bxd4 Qc6 17.Kb1 Nc7 18.Qf5 Rd8 19.Nf4 O-O 20.g5 Nfe8 21.gxh6 Qxh6 22.Ncxd5 Bd6
23.Rdg1 Ne6 24.Ng6 Nxd4 25.exd4 b6 26.Rh3 Qh7 27.Ka1 Qh6 28.f4 Nc7 29.Nf6+ gxf6
30.Ne5+ Kh8 31.Rg6 fxg6 32.hxg6 fxe5 33.Rxh6+ Kg8 34.Qh3 exf4 35.Rh8+ Kg7
36.Qh6+  1-0

[Event "17th CRO-chT 1a"]
[Site "Sibenik CRO"]
[Date "2008.09.01"]
[Round "5"]
[White "Dreev,A"]
[Black "Stevic,H"]
[Result "1/2-1/2"]
[WhiteElo "2657"]
[BlackElo "2588"]

1.d4 d5 2.c4 dxc4 3.Nf3 Nf6 4.Qa4+ Nc6 5.Nc3 Nd5 6.e4 Nb6 7.Qd1 Bg4 8.d5 Ne5
9.Bf4 Ng6 10.Bg3 e6 11.dxe6 Bxe6 12.Qxd8+ Rxd8 13.Bxc7 Rd7 14.Bxb6 axb6 15.Ng5 Ne5
16.f4 Nd3+ 17.Bxd3 Rxd3 18.Nxe6 fxe6 19.Rd1 Rxd1+ 20.Kxd1 Kd7 21.Kc2 Kc6
22.Rd1 Bc5 23.a4 Rf8 24.g3 h6 25.Nb5 g5 26.Na7+ Kc7 27.Nb5+ Kc6 28.Na7+ Kc7
29.Nb5+  1/2-1/2

[Event "17th CRO-chT 1a"]
[Site "Sibenik CRO"]
[Date "2008.09.02"]
[Round "6"]
[White "Dreev,A"]
[Black "Gonda,L"]
[Result "0-1"]
[WhiteElo "2657"]
[BlackElo "2501"]

1.d4 d5 2.c4 dxc4 3.Nf3 Nf6 4.e3 Bg4 5.Bxc4 e6 6.Nc3 a6 7.h3 Bh5 8.g4 Bg6
9.Ne5 Nbd7 10.Nxg6 hxg6 11.g5 Nd5 12.Nxd5 exd5 13.Bxd5 c6 14.Bc4 Nb6 15.Bb3 Qxg5
16.Qf3 Qf5 17.Qxf5 gxf5 18.Bd2 Be7 19.Ke2 Nd5 20.f3 Rd8 21.Rag1 Kf8 22.h4 Rh5
23.Rg2 Nc7 24.a4 Bf6 25.Ba5 Rd7 26.Bb4+ Kg8 27.Bc3 Nd5 28.Rgh2 Re7 29.Bxd5 cxd5
30.Kd3 Rc7 31.Be1 Kf8 32.Bg3 Rc6 33.Ra1 Be7 34.Rf1 Ke8 35.Be5 g6 36.Bg3 Bd6
37.Bxd6 Rxd6 38.Rg1 Rb6 39.Kc2 Rc6+ 40.Kd3 Rb6 41.Kc2 Ke7 42.Rg5 Rh7 43.h5 Kf6
44.f4 Rc6+ 45.Kd3 Rc8 46.h6 Rc1 47.Rgg2 Ke6 48.Rc2 Rxc2 49.Rxc2 f6 50.Rc8 g5
51.fxg5 fxg5 52.Re8+ Kf6 53.Rd8 g4 54.Rd6+ Kg5 55.Rxd5 Rxh6 56.Rd8 Rb6 57.Rg8+ Rg6
58.Rf8 Rg7 59.Ke2 Rh7 60.Rg8+ Kf6 61.Rf8+ Ke6 62.Re8+ Re7 63.Rg8 Kf7 64.Rh8 Kg7
65.Rh4 Kg6 66.d5 Re5 67.d6 Rd5 68.e4 Rxd6 69.exf5+ Kxf5 70.a5 Rd5 71.Ke3 Re5+
72.Kf2 Rb5 73.Rh7 Rxb2+ 74.Kg3 Rb3+ 75.Kg2 g3 76.Re7 Kf4 77.Rf7+ Ke5 78.Rd7 Ke6
79.Rd1 Rb5 80.Ra1 Rg5 81.Rb1 Rxa5 82.Rxb7 Ra3 83.Rg7 a5 84.Rg5 a4 85.Ra5 Kd6
86.Ra8 Kc5 87.Rc8+ Kb4 88.Rb8+ Kc3 89.Rc8+ Kb2 90.Ra8 Ra1 91.Kxg3 a3 92.Kf2 Rb1  0-1

[Event "TCh-ESP Hon Gp2"]
[Site "Sabadell ESP"]
[Date "2008.09.03"]
[Round "1"]
[White "Dreev,A"]
[Black "Eljanov,P"]
[Result "1-0"]
[WhiteElo "2657"]
[BlackElo "2716"]

1.d4 Nf6 2.c4 e6 3.Nc3 Bb4 4.Qc2 O-O 5.a3 Bxc3+ 6.Qxc3 b6 7.Bg5 h6 8.Bh4 Ba6
9.e3 d6 10.Bd3 Nbd7 11.b4 c5 12.dxc5 bxc5 13.Nf3 Bb7 14.O-O a5 15.b5 g5 16.Bg3 e5
17.Nd2 Nh5 18.Qc2 Qe7 19.Rad1 Nb6 20.f3 Ra7 21.a4 Bc8 22.Be1 Be6 23.Nb3 Rfa8
24.Ra1 f5 25.Bd2 Qf7 26.Rfc1 Nf6 27.Bxf5 Bxc4 28.Nxa5 Rxa5 29.Bxa5 Rxa5 30.Qd2 Rxa4
31.Qxd6 Ne8 32.Qxb6 Rxa1 33.Rxa1 Qxf5 34.Qxc5 Qd3 35.b6 Qc3 36.Qa3 Qxa3 37.Rxa3 Nd6
38.Ra7  1-0

[Event "TCh-ESP Hon Gp2"]
[Site "Sabadell ESP"]
[Date "2008.09.04"]
[Round "2"]
[White "Dominguez Perez,L"]
[Black "Dreev,A"]
[Result "0-1"]
[WhiteElo "2708"]
[BlackElo "2657"]

1.e4 c5 2.Nf3 Nc6 3.d4 cxd4 4.Nxd4 Nf6 5.Nc3 d6 6.Bg5 e6 7.Qd2 Be7 8.O-O-O Nxd4
9.Qxd4 a6 10.f3 O-O 11.h4 b5 12.Kb1 Bb7 13.g4 Rc8 14.Bd3 Nd7 15.a3 Ne5 16.Be2 f6
17.Bc1 Nc6 18.Qe3 b4 19.Na2 bxa3 20.b3 Qc7 21.f4 Na5 22.Bd3 d5 23.exd5 Bxd5
24.Rhe1 Bc5 25.Qe2 Qb6 26.Nc3 Nxb3 27.cxb3 Bxb3 28.Ka1 Bd4 29.Bxh7+ Kh8  0-1

[Event "17th CRO-chT 1a"]
[Site "Sibenik CRO"]
[Date "2008.09.04"]
[Round "8"]
[White "Dreev,A"]
[Black "Lalic,B"]
[Result "1/2-1/2"]
[WhiteElo "2657"]
[BlackElo "2533"]

1.d4 Nf6 2.c4 e6 3.Nc3 Bb4 4.Qc2 O-O 5.a3 Bxc3+ 6.Qxc3 b6 7.Bg5 Bb7 8.e3 d6
9.Qc2 Nbd7 10.Ne2 c5 11.Rd1 Qc7 12.Nc3 a6 13.f3 h6 14.Bh4 cxd4 15.Rxd4 d5
16.Bg3 Qc8 17.cxd5 Nxd5 18.Qd2 Nc5 19.Bc4 Nxc3 20.Qxc3 Na4 21.Qd2 Rd8 22.O-O Rxd4
23.Qxd4 Qc5 24.Qxc5 bxc5 25.b3 Nb6 26.Be2 a5 27.Rc1 a4 28.Rxc5 axb3 29.Rb5 Ba6
30.Rxb6 Bxe2 31.Rxb3 Rc8 32.Rb2 Rc1+ 33.Kf2 Bd3 34.Bd6 Rc2+ 35.Rxc2 Bxc2
36.Ke2 f6 37.Kd2 Ba4 38.Kc3 Bb5 39.Kb4 Bf1 40.g3 Kf7 41.a4 e5 42.Kc5 Ke6
43.a5 g5 44.f4 exf4 45.exf4 Kd7 46.Bf8 h5 47.Bh6 gxf4 48.Bxf4 Kc8 49.Kd6 Kb7
50.Ke6 Ka6 51.Bd2 Bh3+ 52.Kxf6 Bg4 53.Kg5 Be2 54.h3  1/2-1/2

[Event "TCh-ESP Hon Gp2"]
[Site "Sabadell ESP"]
[Date "2008.09.05"]
[Round "3"]
[White "Dreev,A"]
[Black "Ganguly,S"]
[Result "1/2-1/2"]
[WhiteElo "2657"]
[BlackElo "2631"]

1.d4 d5 2.Nf3 Nf6 3.c4 dxc4 4.Qa4+ Nc6 5.Nc3 Nd5 6.e4 Nb6 7.Qd1 Bg4 8.d5 Ne5
9.Bf4 Ng6 10.Bg3 e6 11.dxe6 Bxe6 12.Qxd8+ Rxd8 13.Bxc7 Rd7 14.Bxb6 axb6 15.Ng5 Ne5
16.f4 Nd3+  1/2-1/2

[Event "TCh-ESP Hon Gp2"]
[Site "Sabadell ESP"]
[Date "2008.09.07"]
[Round "5"]
[White "Aagaard,J"]
[Black "Dreev,A"]
[Result "0-1"]
[WhiteElo "2531"]
[BlackElo "2657"]

1.e4 c5 2.c3 g6 3.d4 Qc7 4.Nf3 Bg7 5.h3 d6 6.Bd3 Nf6 7.O-O O-O 8.e5 Nfd7
9.e6 fxe6 10.Ng5 Nf6 11.Qe2 cxd4 12.Nxe6 Bxe6 13.Qxe6+ Kh8 14.cxd4 Nc6 15.Be3 Qd7
16.Qb3 Nh5 17.d5 Nd4 18.Bxd4 Bxd4 19.Nd2 Nf4 20.Rae1 Rac8 21.Bb1 Rc5 22.Nf3 Bf6
23.Be4 Qb5 24.Qe3 Nxd5 25.Qh6 Bg7 26.Qh4 Rf4 27.g4 Nf6 28.Bxg6 Rxf3 29.Rxe7 Kg8
30.Bf5 Rcxf5 31.gxf5 Qxf5 32.Rc1 Bf8 33.Re3 Rxe3 34.fxe3 Qe5 35.Rc7 d5 36.Rxb7 Bc5
37.Kf1 Bxe3 38.Qb4 Bb6 39.Qd2 Qf5+ 40.Ke1 Ne4 41.Qg2+ Ng5 42.Qg4 Qb1+ 43.Qd1 Nf3+
44.Ke2 Qe4+ 45.Kf1 Nh2+  0-1

[Event "17th CRO-chT 1a"]
[Site "Sibenik CRO"]
[Date "2008.09.28"]
[Round "2"]
[White "Georgiev,Ki"]
[Black "Dreev,A"]
[Result "1/2-1/2"]
[WhiteElo "2671"]
[BlackElo "2657"]

1.d4 d5 2.c4 c6 3.Nf3 Nf6 4.Nc3 e6 5.Qb3 Nbd7 6.Bg5 Be7 7.e3 O-O 8.Bd3 b6
9.cxd5 Nxd5 10.Bxe7 Nxe7 11.O-O Bb7 12.Rfd1 Nd5 13.Nxd5 exd5 14.Rac1 Qe7
15.Qa4 a5 16.Bf5 Rfd8 17.Re1 g6 18.Bd3 Rac8 19.h3 Qb4 20.Qc2 Qd6 21.b3 Re8
22.Qb2 Ra8 23.e4 dxe4 24.Bxe4 Re7 25.Re3 Rae8 26.Rce1 f5 27.Bd3 Rxe3 28.Rxe3 Rxe3
29.fxe3 Kg7 30.Bc4 Qg3 31.Kf1 Nf6 32.Qf2 Qxf2+ 33.Kxf2 Ne4+ 34.Ke1 c5 35.dxc5 Nxc5
36.Kd2 Kf6 37.Kc3 g5 38.Bf1 h6 39.Kd2 Ne4+  1/2-1/2

[Event "24th ECC"]
[Site "Kallithea GRE"]
[Date "2008.10.19"]
[Round "3"]
[White "Dreev,A"]
[Black "Galic,I2"]
[Result "1-0"]
[WhiteElo "2670"]
[BlackElo "2316"]

1.d4 d5 2.c4 c6 3.Nf3 Nf6 4.Qb3 Qb6 5.Qc2 Bg4 6.Nbd2 Nbd7 7.e3 e6 8.Bd3 c5
9.b3 Be7 10.Bb2 Qc7 11.O-O cxd4 12.exd4 O-O 13.c5 Bh5 14.b4 Bg6 15.Bxg6 hxg6
16.Rfe1 Nh5 17.Nf1 g5 18.Ne3 Rfe8 19.Qb3 g6 20.b5 Kg7 21.Rac1 Bf6 22.g3 Rh8
23.Rc2 Rac8 24.Bc1 Bd8 25.Qd3 f5 26.Ng2 g4 27.Ng5 Bxg5 28.Bxg5 Kf7 29.Rxe6 Kxe6
30.Re2+ Kf7 31.Re7+ Kg8 32.Qe3 Rh7 33.Qe6+ Kh8 34.Nh4 Rg8 35.Nxg6+ Rxg6 36.Re8+  1-0

[Event "24th ECC"]
[Site "Kallithea GRE"]
[Date "2008.10.21"]
[Round "5"]
[White "Dreev,A"]
[Black "Dizdar,G"]
[Result "1/2-1/2"]
[WhiteElo "2670"]
[BlackElo "2551"]

1.d4 Nf6 2.c4 e6 3.Nf3 d5 4.Nc3 Bb4 5.Bg5 h6 6.Bxf6 Qxf6 7.Qa4+ Nc6 8.e3 O-O
9.Rc1 a6 10.a3 Bxc3+ 11.Rxc3 dxc4 12.Qxc4 e5 13.d5 Ne7 14.Bd3 Rd8 15.Be4 b5
16.Qxc7 Nxd5 17.Bxd5  1/2-1/2

[Event "GiTelecom Finals"]
[Site "ICC INT"]
[Date "2008.12.14"]
[Round "1.3"]
[White "Hebden,M"]
[Black "Dreev,A"]
[Result "1-0"]
[WhiteElo "2515"]
[BlackElo "2670"]

1.e4 c5 2.Nf3 Nc6 3.Bb5 d6 4.O-O Bd7 5.Re1 Nf6 6.h3 Ne5 7.Bxd7+ Nfxd7 8.d3 Nxf3+
9.Qxf3 g6 10.Qg3 Bg7 11.Nc3 O-O 12.Qh4 Re8 13.Bh6 Bf6 14.Bg5 Bg7 15.Rab1 Ne5
16.Nd5 Nc6 17.c3 f6 18.Bh6 e6 19.Bxg7 Kxg7 20.Ne3 Ne5 21.Rbd1 Qe7 22.f4 Nf7
23.f5 exf5 24.exf5 Qe5 25.Qf2 Rad8 26.d4 cxd4 27.cxd4 Qe4 28.fxg6 hxg6 29.Ng4 Qf5
30.Qxf5 gxf5 31.Ne3 Kg6 32.Nd5 Re4 33.Rxe4 fxe4 34.Rf1 f5 35.Ne7+ Kf6 36.Nxf5 Ke6
37.Ne3 d5 38.Rc1 Nd6 39.g4 Rf8 40.Rf1 Rc8 41.Kg2 Nc4 42.Nxc4 Rxc4 43.g5 Ke7
44.h4 Rxd4 45.Kg3 e3 46.g6 Re4 47.h5 e2 48.Re1 d4 49.Kf3 Re3+ 50.Kf2 Rh3
51.Rxe2+ Kf6 52.Re8 Rxh5 53.Rb8 Rb5 54.b3 Kxg6 55.Kf3 Kf5 56.Ke2 Ke5 57.Kd3 Kd5
58.Rd8+ Kc6 59.Rxd4 Rd5 60.Kc4  1-0

[Event "Paul Keres Mem Men"]
[Site "Tallinn EST"]
[Date "2009.01.10"]
[Round "1"]
[White "Dreev,A"]
[Black "Yemelin,V"]
[Result "1/2-1/2"]
[WhiteElo "2688"]
[BlackElo "2578"]

1.d4 d5 2.c4 e6 3.Nc3 c5 4.cxd5 exd5 5.Nf3 Nc6 6.g3 Nf6 7.Bg2 Be7 8.O-O O-O
9.dxc5 Bxc5 10.Na4 Be7 11.Be3 Bg4 12.Rc1 Re8 13.Nd4 Qd7 14.Nc5 Bxc5 15.Rxc5 Nxd4
16.Qxd4 Bxe2 17.Rfc1 Qf5 18.h3 h5 19.Rc7 Bf3 20.Qf4 Qxf4 21.Bxf4 Bxg2 22.Kxg2 b6
23.Be3 Re4 24.Rd1 Rc4 25.Rb7 Rc2 26.Bd4 Ne4 27.Rd7 Nf6 28.Bxf6 gxf6 29.R1xd5 Rxb2
30.a4 Re8 31.Rxh5 a5 32.Rf5 Kg7 33.Rd4 Kg6 34.Rdf4 Re6 35.h4 Rbe2 36.h5+ Kg7
37.Kf3 Rb2 38.Rg4+ Kh7 39.Rgf4 Kg7 40.g4 Rb3+ 41.Kg2 Rb4 42.Rb5 Ree4 43.Kg3 Rxa4
44.Rxb6 Ra3+ 45.f3 Rea4 46.Rd6 Rb4 47.Kf2 Rbb3 48.Kg3 Rb4 49.Rd7 Rba4 50.Re7 Rb4
51.Ree4 Rbb3 52.Rd4 Rb4 53.Rde4 Rb5 54.Kh4 f5 55.gxf5 Rxf5 56.Kg4 Rb5  1/2-1/2

[Event "Paul Keres Mem Men"]
[Site "Tallinn EST"]
[Date "2009.01.10"]
[Round "2"]
[White "Rausis,I"]
[Black "Dreev,A"]
[Result "0-1"]
[WhiteElo "2501"]
[BlackElo "2688"]

1.e4 c5 2.Nf3 Nc6 3.Bb5 d6 4.Bxc6+ bxc6 5.e5 dxe5 6.Nxe5 Qd5 7.Nf3 Qe4+ 8.Qe2 Qxc2
9.Nc3 Nf6 10.Ne5 Nd7 11.O-O Nxe5 12.Qxe5 Qf5 13.Qc7 Qd7 14.Qa5 g6 15.d3 Bg7
16.Be3 O-O 17.Bxc5 Qxd3 18.Bxe7 Re8 19.Rad1 Qc2 20.Ba3 Bg4 21.f3 Bf5 22.Qc5 Bf8
23.Qa5 Bh6 24.Kh1 Bd3 25.Rfe1 Bd2 26.Rg1 Be3 27.Rge1 Bf2 28.Rxe8+ Rxe8 29.h3 Be1
30.Ra1 Bf1 31.Qg5 Bh4  0-1

[Event "Paul Keres Mem Men"]
[Site "Tallinn EST"]
[Date "2009.01.10"]
[Round "3"]
[White "Dreev,A"]
[Black "Lugovoi,A"]
[Result "1-0"]
[WhiteElo "2688"]
[BlackElo "2531"]

1.d4 d5 2.c4 e6 3.Nc3 c5 4.cxd5 exd5 5.Nf3 Nc6 6.g3 Nf6 7.Bg2 Be7 8.O-O O-O
9.dxc5 d4 10.Na4 Bf5 11.a3 Be4 12.b4 Qd5 13.Nb2 a5 14.b5 Ne5 15.Nd3 Nxf3+
16.exf3 Bf5 17.Re1 Bxd3 18.Qxd3 Bxc5 19.f4 Qd7 20.Bb2 Rad8 21.Re5 b6 22.Rd1 Qc8
23.h3 Rfe8 24.Kh2 Re6 25.Rc1 Qb8 26.Rxe6 fxe6 27.Re1 Qd6 28.Qc4 Re8 29.f5 d3
30.Rd1 d2 31.f4 Kh8 32.Be5 Qe7 33.fxe6 Rd8 34.Qe2 Qxe6 35.Rxd2 Re8 36.Bc6 Rf8
37.Bb2 Qf5 38.Qd3 Qh5 39.Kg2 Qf7 40.a4 Bb4 41.Re2 Bc5 42.Bf3 Qc7 43.Be5 Qf7
44.Rd2 Bb4 45.Rc2 Bc5 46.Rd2 Bb4 47.Bc3 Bc5 48.g4 Re8 49.Re2 Rf8 50.g5 Nh5
51.Bxh5 Qxh5 52.Be5 Qf7 53.Rd2 Bb4 54.Re2 Bc5 55.Qe4 Rd8 56.Bc3 Rf8 57.f5 Qh5
58.Qg4 Qf7 59.f6 Qd5+ 60.Kg3 Bd6+ 61.Kh4 gxf6 62.Bxf6+ Kg8 63.Qe6+ Qxe6 64.Rxe6 Bc5
65.Rc6 Re8 66.Rc7 Re4+ 67.Kh5 Bf8 68.g6 hxg6+ 69.Kxg6 Rxa4 70.Rh7  1-0

[Event "Paul Keres Mem Men"]
[Site "Tallinn EST"]
[Date "2009.01.11"]
[Round "6"]
[White "Dreev,A"]
[Black "Sveshnikov,E"]
[Result "1/2-1/2"]
[WhiteElo "2688"]
[BlackElo "2535"]

1.d4 d5 2.c4 e6 3.Nf3 Nf6 4.Nc3 c6 5.e3 Nbd7 6.Bd3 dxc4 7.Bxc4 b5 8.Bd3 b4
9.Ne4 Nxe4 10.Bxe4 Bb7 11.O-O Bd6 12.a3 a5 13.Nd2 O-O 14.Nc4 Be7 15.Qc2 Nf6
16.Bf3 Qc7 17.axb4  1/2-1/2

[Event "Open"]
[Site "Moscow RUS"]
[Date "2009.01.31"]
[Round "1"]
[White "Yemelin,V"]
[Black "Dreev,A"]
[Result "1/2-1/2"]
[WhiteElo "2578"]
[BlackElo "2688"]

1.e4 c5 2.Nf3 Nc6 3.d4 cxd4 4.Nxd4 Nf6 5.Nc3 d6 6.Bg5 e6 7.Qd2 a6 8.O-O-O Be7
9.f4 Nxd4 10.Qxd4 b5 11.Be2 Bb7 12.Bf3 O-O 13.Bxf6 Bxf6 14.Qxd6 Qa5 15.e5 Bxf3
16.gxf3 Rad8 17.Qc5 Rc8 18.Qe3 b4 19.exf6 bxc3 20.fxg7 cxb2+ 21.Kb1 Rfd8
22.Qe5 Rd5 23.Rxd5 exd5 24.Rd1 Qa4 25.Qf5 Qc4 26.Qd3 Qc7 27.f5 Qc6 28.Rd2 Re8
29.Re2 Rxe2 30.Qxe2 Qf6 31.Qd3 Qe5 32.Qxa6 Qe1+ 33.Kxb2  1/2-1/2

[Event "Open A"]
[Site "Moscow RUS"]
[Date "2009.02.03"]
[Round "4"]
[White "Dreev,A"]
[Black "Yakovich,Yur"]
[Result "1/2-1/2"]
[WhiteElo "2688"]
[BlackElo "2556"]

1.d4 d5 2.c4 dxc4 3.e4 Nc6 4.Nf3 Bg4 5.d5 Ne5 6.Bf4 Ng6 7.Be3 Nf6 8.Nc3 e6
9.Qa4+ Qd7 10.Qxd7+ Kxd7 11.dxe6+ Bxe6 12.O-O-O+ Ke8 13.h3 Bb4 14.Ng5 Bxc3
15.bxc3 b5 16.f4 h6 17.Nxe6 fxe6 18.Be2 e5 19.fxe5 Nxe5 20.Bf4 Nd3+ 21.Bxd3 cxd3
22.Bxc7 Rc8 23.Be5 Kf7 24.Rxd3 Rhe8 25.Bxf6 gxf6 26.Re1 Rc4 27.Rd7+ Re7 28.Rxe7+ Kxe7
29.Kc2 Ra4 30.Kb3 Ke6 31.g4 a6 32.Re3 Rc4 33.Re2 Ra4 34.Re1 Rc4 35.Re3 Ra4
36.Re2 Rc4 37.Re3  1/2-1/2

[Event "Open A"]
[Site "Moscow RUS"]
[Date "2009.02.06"]
[Round "7"]
[White "Svetushkin,D"]
[Black "Dreev,A"]
[Result "1/2-1/2"]
[WhiteElo "2593"]
[BlackElo "2688"]

1.d4 d5 2.c4 c6 3.Nf3 Nf6 4.Nc3 e6 5.e3 Nbd7 6.Qc2 Bd6 7.b3 O-O 8.Be2 dxc4
9.bxc4 e5 10.O-O Re8 11.Rd1 exd4 12.exd4 Nf8 13.Rb1 Rb8 14.h3 Ng6 15.a4 Bd7
16.Bf1 Qc7 17.Rb3 h6 18.Bd2 Rbd8 19.Rdb1 Bc8 20.Bd3 Nf8 21.Ne2 Ne6 22.a5 Bf8
23.Bc3 a6 24.Ng3 Rd7 25.Nf5 Nf4 26.Bf1 Ne4 27.Be1 Rdd8 28.Ne3 g6 29.Ng4 Bg7
30.g3 h5 31.Nge5 Ne6 32.Qxe4 Nxd4 33.Nxd4 Rxe5 34.Qh4 Rxd4 35.Qxd4 Rxe1 36.Qb6 Qxb6
37.axb6 Rxb1 38.Rxb1 Bd4 39.Bd3 a5 40.Be4 a4 41.Rb4 a3 42.Ra4 Kg7 43.Rxa3 Bxb6
44.Ra8 Be6 45.Rb8 Bxc4 46.Rxb7 Bc5 47.Bxc6 Be6 48.h4 Kf6 49.Rb5 Bd4 50.Bd5 Bd7
51.Rb7 Be8 52.Kg2 Kg7 53.Rb4 Bc5 54.Rc4 Ba3 55.Bc6 Bxc6+ 56.Rxc6 Bb2 57.Kf3 Bd4
58.Rc2 Kf6 59.Ke4 Ba1 60.Rc6+ Ke7 61.Kd5 Kf8 62.Rc4 Ke7 63.Re4+ Kf8 64.Kd6 Bc3
65.Kd7 Bb2 66.Ra4 Bc3 67.Ra8+ Kg7 68.Ke8 Bd4 69.Ra2 f5 70.Ke7 Bf6+ 71.Ke6 Bd4
72.Rd2 Bc3 73.Rd4 Kg8 74.Rd3 Bb2 75.Kd5 Kf7 76.Rb3 Ba1 77.Kc4 Be5 78.Kd5 Ba1
79.Rb7+ Kf8 80.f3 Bc3 81.Rc7 Bb2 82.Ke6 Kg8 83.f4 Bd4 84.Rd7 Bc3 85.Rd3 Bb2
86.Rd8+ Kg7 87.Rd7+ Kg8 88.g4 hxg4 89.h5 gxh5 90.Kxf5 g3 91.Rd2 h4 92.Kg4 Bf6
93.Rg2  1/2-1/2

[Event "Open A"]
[Site "Moscow RUS"]
[Date "2009.02.07"]
[Round "8"]
[White "Dreev,A"]
[Black "Khairullin,I"]
[Result "1/2-1/2"]
[WhiteElo "2688"]
[BlackElo "2574"]

1.d4 Nf6 2.c4 e6 3.Nc3 Bb4 4.Qc2 d5 5.cxd5 exd5 6.Bg5 h6 7.Bh4 c5 8.dxc5 g5
9.Bg3 Ne4 10.Bxb8 Qf6 11.e3 Bxc3+ 12.bxc3 Rxb8 13.Nf3 O-O 14.Nd4 Bd7 15.Bd3 Nxc5
16.O-O Rbc8 17.a4 Rc7 18.a5 Rfc8 19.Rfc1 Qe7 20.Qd1 Qf6 21.Bc2 Ne4 22.Bxe4 dxe4
23.Qb3 Qe5 24.Qb4 Qc5 25.Qb2 h5 26.Ra3 h4 27.Rb3 Qxa5 28.Rxb7 Rxb7 29.Qxb7 Rxc3
30.Rf1 Qc7 31.Qa8+ Kg7 32.Qxe4 Rc1 33.Qd5 f6 34.h3  1/2-1/2

[Event "Open A"]
[Site "Moscow RUS"]
[Date "2009.02.08"]
[Round "9"]
[White "Dreev,A"]
[Black "Kim,Alex"]
[Result "1-0"]
[WhiteElo "2688"]
[BlackElo "2475"]

1.d4 Nf6 2.c4 e6 3.Nc3 d5 4.cxd5 exd5 5.Bg5 Be7 6.e3 c6 7.Bd3 Nbd7 8.Nf3 Ne4
9.Bf4 Ndf6 10.Qc2 Bf5 11.Ne5 g6 12.Bh6 Nd6 13.Bg7 Rg8 14.Bh6 Bxd3 15.Qxd3 Nfe4
16.Bf4 Qa5 17.O-O g5 18.Bg3 h5 19.f3 Nxg3 20.hxg3 Rg7 21.Rac1 f6 22.Ng6 O-O-O
23.Nxe7+ Rxe7 24.e4 dxe4 25.fxe4 Kb8 26.Rxf6 Qb4 27.Qd2 Nb5 28.Kh2 Nxd4 29.Qxg5 Rde8
30.Qf4+ Ka8 31.Rf8 a5 32.Rxe8+ Rxe8 33.b3 Rf8 34.Qe3 Ne6 35.Rd1 Rh8 36.Rd7 h4
37.gxh4 Rxh4+ 38.Kg1 Rh8 39.Na4 Rg8 40.Nb6+ Kb8 41.Nc4 a4 42.Rd2 Nc5 43.a3 Qb5
44.Nd6 Qxb3 45.Qxc5 Qb1+ 46.Kf2 Qh1 47.Kf3 Qh4 48.Qe5  1-0

[Event "10th EICC"]
[Site "Budva MNE"]
[Date "2009.03.10"]
[Round "5"]
[White "Dreev,A"]
[Black "Deviatkin,A"]
[Result "1-0"]
[WhiteElo "2688"]
[BlackElo "2566"]

1.d4 d5 2.c4 c6 3.Nc3 Nf6 4.e3 a6 5.Qc2 e6 6.Nf3 c5 7.dxc5 Bxc5 8.a3 dxc4
9.Bxc4 b5 10.Bd3 Nbd7 11.b4 Bd6 12.Ne4 Nxe4 13.Bxe4 Ra7 14.Bb2 f5 15.Bd3 O-O
16.Rd1 Qe7 17.O-O Rc7 18.Qe2 Nf6 19.Nd4 Bb7 20.f3 Nd5 21.Bb1 Rf6 22.g3 Rg6
23.f4 h5 24.Qxh5 Rh6 25.Qe2 Rc8 26.e4 Nc3 27.Bxc3 Rxc3 28.Rf3 Rxf3 29.Nxf3 e5
30.fxe5 Bc7 31.exf5 Bb6+ 32.Kg2 Rh4 33.gxh4 Qxh4 34.Ba2+ Kh7 35.Bd5  1-0

[Event "10th EICC"]
[Site "Budva MNE"]
[Date "2009.03.14"]
[Round "8"]
[White "Dreev,A"]
[Black "Chirila,I"]
[Result "1-0"]
[WhiteElo "2688"]
[BlackElo "2485"]

1.d4 d5 2.c4 e6 3.Nc3 c6 4.Nf3 dxc4 5.e3 b5 6.a4 Bb4 7.Bd2 a5 8.axb5 Bxc3
9.Bxc3 cxb5 10.b3 Bb7 11.bxc4 b4 12.Bb2 Nf6 13.Bd3 Nbd7 14.O-O O-O 15.c5 Qc7
16.Bb5 Bc6 17.Ba4 Ne4 18.Qc2 f5 19.Rfc1 Bxa4 20.Qxa4 Ndf6 21.Ne5 Ng4 22.f3 Nxe5
23.dxe5 Nxc5 24.Qb5 Rfb8 25.Rxc5 Rxb5 26.Rxc7 a4 27.Rcc1 a3 28.Rcb1 a2 29.Rd1 Rc5
30.Rd4 b3 31.Rb4 Rc2 32.Rxb3 f4 33.Bd4 Rac8 34.exf4 Rc1+ 35.Kf2 Rxa1 36.Bxa1 Rc1
37.Bd4 Rc4 38.Ra3 Rxd4 39.Ke3 Rb4 40.Rxa2 Kf7 41.Ra7+ Kf8 42.g4 Rb3+ 43.Kf2 Rb2+
44.Kg3 Rb5 45.Ra8+ Kf7 46.Rh8 h6 47.Rc8 Ra5 48.Rc7+ Kf8 49.Kh4 Ra4 50.Kg3 Ra5
51.h4 Rb5 52.h5 Ra5 53.Rc2 Ke7 54.Re2 Ra1 55.f5 exf5 56.gxf5 Rh1 57.Rh2 Rg1+
58.Rg2 Rh1 59.Kg4 Kf7 60.Ra2 Rg1+ 61.Kf4 Rg5 62.Ra7+ Kf8 63.e6 Rxh5 64.Ke5 g6
65.Ke4  1-0

[Event "10th EICC"]
[Site "Budva MNE"]
[Date "2009.03.15"]
[Round "9"]
[White "Papaioannou,I"]
[Black "Dreev,A"]
[Result "1/2-1/2"]
[WhiteElo "2609"]
[BlackElo "2688"]

1.d4 d5 2.Nf3 Nf6 3.c4 c6 4.e3 Bf5 5.Nc3 e6 6.Nh4 Bg6 7.Be2 Nbd7 8.O-O Ne4
9.g3 Nd6 10.b3 Nf5 11.Nxg6 hxg6 12.Bf3 Bb4 13.Bd2 Qe7 14.Re1 Nf6 15.a3 Bxa3
16.cxd5 cxd5 17.Nb5 Bd6 18.Nxa7 O-O 19.Ra4 Nd7  1/2-1/2